| 000 | 00525nam a2200169 i 4500 | ||
|---|---|---|---|
| 001 | 89909 | ||
| 003 | ES-MaACL | ||
| 005 | 20230906180311.0 | ||
| 007 | t| | ||
| 008 | 050117s1967 sp ||||1| spa d | ||
| 100 | 1 |
_aLatourelle, René. _970555 |
|
| 245 | 1 | 0 |
_aTeología de la Revelación / _cRené Latourelle ; [traducción por José Luis Domínguez Villar]. |
| 260 |
_aSalamanca : _bSígueme, _c1967. |
||
| 300 |
_a581 p. ; _c22 cm. |
||
| 700 | 1 |
_aDomínguez Villar, José L. _945255 |
|
| 852 |
_aES-MaACL _jC-32408 _bR.63116 |
||
| 999 |
_c89909 _d89909 |
||